Top 10 Countries with the Most in the 23-24 Premier League - Statistics

General Stats
  • This quiz has been taken 91 times
    89 since last reset
  • The average score is 10 of 11
Answer Stats
# Country % Correct
173 England
100%
31 France
99%
17 Spain
97%
14 Argentina
90%
30 Brazil
90%
14 Ireland
90%
20 Portugal
88%
13 Scotland
88%
19 Netherlands
84%
15 Belgium
77%
13 Denmark
62%
No matching quizzes found
Score Distribution
Percent of People with Each Score
Percentile by Number Answered
Your Score History
You have not taken this quiz since the last reset